Joueurs français passés par Leicester - Statistiques

Statistiques générales
  • Ce quiz a été pris 77 fois
    18 depuis la dernière actualisation
  • Le résultat moyen est 2 sur 13
Statistiques - réponses
Années Matchs Nom % Correct
2015-2016 40 N'Golo Kante
94%
2020-2022 52 Wesley Fofana
53%
2021-2023 94 Boubakary Soumaré
35%
2012-2015 106 Anthony Knockaert
29%
2007-2009 43 Bruno N'Gotty
0%
2009-2011 40 Dany N'Guessan
0%
1995-1997 9 Franck Rolling
0%
2003-2005 66 Lilian Nalis
0%
2007 1 Luigi Glombard
0%
2003-2004 1 Nicolas Priet
0%
2024-2025 6 Odsonne Edouard
0%
1997-2000 29 Pegguy Arphexad
0%
2009-2011 25 Yann Kermorgant
0%
Aucun quiz correspondant
Distribution des résultats
% des personnes avec chaque résultat
Percentile par nombre de réponses
Votre historique - résultats
Vous n’avez pas pris ce quiz depuis la dernière actualisation